000 00207nam a22000857a 4500
008 151221b xxu||||| |||| 00| 0 eng d
100 _aNational Philatelic Museum
245 _aEgypt
650 _aExhibitions | Egypt
999 _c1752
_d1752